Кристаллографические и кристаллогеометрические параметры в бинарных сплавах Pd-Me; Структура и свойства металлов при различных энергетических воздействиях и технологических обработках

Detalles Bibliográficos
Parent link:Структура и свойства металлов при различных энергетических воздействиях и технологических обработках.— 2014.— С. 138-144
Autor Corporativo: Национальный исследовательский Томский политехнический университет (ТПУ) Физико-технический институт (ФТИ) Кафедра высшей математики (ВМ)
Outros autores: Морозов М. М. Максим Михайлович, Потекаев А. И. Александр Иванович, Клопотов А. А. Анатолий Анатольевич, Кулагина В. В. Валентина Васильевна, Маркова Т. Н. Татьяна Николаевна, Клопотов В. Д. Владимир Дмитриевич
Summary:Заглавие с экрана
Idioma:ruso
Publicado: 2014
Subjects:
Acceso en liña:http://portal.tsuab.ru/ScienceWork/2014/konf_SSM_2014/konf_SSM_2014.pdf#page=139
Formato: Electrónico Capítulo de libro
KOHA link:https://koha.lib.tpu.ru/cgi-bin/koha/opac-detail.pl?biblionumber=639283

MARC

LEADER 00000naa0a2200000 4500
001 639283
005 20250213133053.0
035 |a (RuTPU)RU\TPU\network\3734 
035 |a RU\TPU\network\3062 
090 |a 639283 
100 |a 20150302d2014 k||y0rusy50 ca 
101 0 |a rus 
102 |a RU 
135 |a drcn ---uucaa 
181 0 |a i  
182 0 |a b 
200 1 |a Кристаллографические и кристаллогеометрические параметры в бинарных сплавах Pd-Me  |f М. М. Морозов [и др.] 
203 |a Текст  |c электронный 
300 |a Заглавие с экрана 
320 |a [Библиогр.: с. 144 (22 назв.)] 
463 |t Структура и свойства металлов при различных энергетических воздействиях и технологических обработках  |o материалы научного семинара с международным участием, посвященного юбилею заслуженного профессора ТГАСУ Э. В. Козлова, 29-30 сент. 2014 года, Томск, Россия   |f Томский государственный архитектурно-строительный университет (ТГАСУ)  |v С. 138-144  |d 2014 
610 1 |a электронный ресурс 
610 1 |a труды учёных ТПУ 
610 1 |a палладий 
610 1 |a сплавы 
610 1 |a мембранные сплавы 
610 1 |a кристаллогеометрия 
701 1 |a Морозов  |b М. М.  |g Максим Михайлович 
701 1 |a Потекаев  |b А. И.  |g Александр Иванович 
701 1 |a Клопотов  |b А. А.  |g Анатолий Анатольевич 
701 1 |a Кулагина  |b В. В.  |g Валентина Васильевна 
701 1 |a Маркова  |b Т. Н.  |g Татьяна Николаевна 
701 1 |a Клопотов  |b В. Д.  |c физик  |c доцент Томского политехнического университета, кандидат технических наук  |f 1950-  |g Владимир Дмитриевич  |3 (RuTPU)RU\TPU\pers\28823  |9 13597 
712 0 2 |a Национальный исследовательский Томский политехнический университет (ТПУ)  |b Физико-технический институт (ФТИ)  |b Кафедра высшей математики (ВМ)  |3 (RuTPU)RU\TPU\col\18728 
801 1 |a RU  |b 63413507  |c 20141010 
801 2 |a RU  |b 63413507  |c 20180305  |g RCR 
856 4 |u http://portal.tsuab.ru/ScienceWork/2014/konf_SSM_2014/konf_SSM_2014.pdf#page=139 
942 |c CF